Plan de aprovechamiento y uso de recursos naturales: (Registro nro. 2360)

Detalles MARC
000 -CABECERA
Campo de control 00709nam a2200217 a 4500
005 - FECHA Y HORA DE LA ULTIMA TRANSACCION
Campo de control 20200104041531.0
008 - ELEMENTOS DE LONGITUD FIJA—INFORMACION GENERAL
Campo de control 140121b2002 ck ||||| |||| 00| 0 spa d
040 ## - FUENTE DE CATALOGACIÓN
Agencia catalogadora original CO-BoIAVH
Agencia transcriptora CO-BoIAVH
041 ## - IDIOMA
Código de idioma para texto/pista de sonido o título separado Español
044 ## - PAÍS DE PUBLICACIÓN
País de publicación Colombia
090 ## - CLASIFICACIÓN LOCAL
Colección IAvH
Consecutivo 00176
110 2# - ASIENTO PRINCIPAL--NOMBRE CORPORATIVO
Unidad subordinad Instituto de Investigación de Recursos Biológicos Alexander von Humboldt
245 10 - MENCION DE TITULO
Título Plan de aprovechamiento y uso de recursos naturales:
Parte restante del título guía para empresarios de biocomercio
260 ## - PUBLICACION, DISTRIBUCION, ETC. (PIE DE IMPRENTA)
Lugar de publicación, distribución, etc. Bogotá:
Nombre del editor, distribuidor, etc. Instituto Alexander von Humboldt,
Fecha de publicación, distribución, etc. 2002.
300 ## - DESCRIPCION FISICA
Extensión 47 p.
650 #5 - ASIENTO SECUNDARIO DE MATERIA - TERMINO TEMATICO
Término temático o nombre geográfico como elemento de entrada Bioempresas
Subdivisión general Guías
650 #6 - ASIENTO SECUNDARIO DE MATERIA - TERMINO TEMATICO
Término temático o nombre geográfico como elemento de entrada Uso sostenible
662 ## - ASIENTO SECUNDARIO DE MATERIA - JERARQUIA DEL NOMBRE DE LUGAR(
País o entidad mayor Colombia
700 1# - ASIENTO SECUNDARIO - NOMBRE PERSONAL
Nombre personal Becerra, María Teresa
942 ## - ELEMENTOS ADICIONALES (KOHA)
Tipo de ítem Libro
Sistema de clasificación Local
Koha issues (borrowed), all copies 1
Existencias
Withdrawn status Lost status Sistema de Clasificación Damaged status No para préstamo Colección Inventariado Ubicación Permanente Ubicación actual Fecha de adquisición Fuente de Valor Valor Total Checkouts Número topográfico Inventario / Código de Barras Date last seen Ejemplar Price effective from Forma de adquisición Tipo de material Date checked out
    Dewey Decimal Classification     Humboldt   Bogotá Bogotá 04/12/2012 CID Humboldt   1 IAvH-333.7 B38p 014054 23/06/2015 Ej. 1 04/12/2012 Institucional Libro 23/06/2015
    Dewey Decimal Classification     Humboldt   Bogotá Bogotá 04/12/2012 CID Humboldt     IAvH-333.7 B38p 014055 04/12/2012 Ej. 2 04/12/2012 Institucional Libro  
    Dewey Decimal Classification     Humboldt   Bogotá Bogotá 04/12/2012 CID Humboldt     IAvH-333.7 B38p 014056 04/12/2012 Ej. 3 04/12/2012 Institucional Libro  
    Dewey Decimal Classification     Humboldt Inventariado 2017 Sala Fabio Quevedo Sala Fabio Quevedo 18/07/2014 Instituto 30000.00   IAvH-333.7 B38p 004133 04/12/2012 Ej. 4 04/12/2012 Institucional Libro  
    Dewey Decimal Classification     Humboldt   Sala Fabio Quevedo Sala Fabio Quevedo 18/07/2014       IAvH-333.7 B38p 004134 04/12/2012 Ej. 5 04/12/2012 Institucional Libro  
    Local     Humboldt Inventariado 2017 Villa de Leyva Villa de Leyva 22/06/2001 Instituto 30000.00   IAvH-00176 004132 04/12/2012 Ej. 1 04/12/2012 Institucional Libro